000 00656nam a2200241 i 4500
001 C2-0263898
003 PPAK
005 20180727232514.0
008 050403s1962 my |||| ||||| | may d
040 _aPPAK
_beng
_cPPAK
_erda
082 0 4 _a297.1226
_223
090 0 0 _a297.1226
_bABU
_dKAA
100 0 _aAbu Bakar Al-Sya'ari,
_eauthor
245 1 0 _aIntisari tafsir Juzuk Am
264 1 _aPulau Pinang :
_bPersama ,
_c1962
300 _a376 pages ;
_c25 cm
336 _2rdacontent
_atext
337 _2rdamedia
_aunmediated
338 _2rdacarrier
_avolume
500 _aTeks dalam tulisan Jawi
650 1 0 _aKoran - Hermenautics
942 _ddc
_cB
999 _c73957
_d73957